00457nam a2200157Ia 450000500170000000800460001702000180006303700120008104000210009304100130011408400210012710000270014824500650017526000450024030000140028520250508164059.0008 250505s9999 xx 000 0 eng d a81-85604-39-8 aTextual aFEDL bengcFEDL aeng2eng a305.4, MUKqFEDL aMukhopadhyay Maitrayee 0aLegally dispossessed gender, identity and the process of law aCalcutta, IndiabM. Sen for Stree c1998 axii,246p.